000
00297nam a22001337a 4500
008
210225b ||||| |||| 00| 0 eng d
020
_a
9780470876343
041
_a
eng
080
_2
2nd
_a
510
100
_a
36
101
_a
MAT
245
_a
ALgebra II (Quick Review)
_c
Kohn, E
942
_2
udc
_c
BK
999
_c
55195
_d
55195